Fundamentals of plant pathology

Guardat en:
Dades bibliogràfiques
Autor principal: Ravichandra N.G
Format: Llibre
Idioma:anglès
Publicat: PHI Learning 2013
Etiquetes: Afegir etiqueta
Sense etiquetes, Sigues el primer a etiquetar aquest registre!

MARC

LEADER 00000nam a22000007a 4500
008 240809b |||||||| |||| 00| 0 eng d
020 |a 9788120347038 
100 |a Ravichandra N.G. 
245 |a Fundamentals of plant pathology  |c N.G. Ravichandra  |g xxiv,639p. ill 
260 |b PHI Learning  |c 2013  |h New Delhi  |i 702992  |i 702993  |l SB731.R19  |m Plant diseases 
500 |a It includes bibliography and index.  
942 |a lcc  |c BK  |e Adeyemo O.O  |f 9/8/2024 
952 |0 0  |1 0  |2 lcc  |4 0  |6 SB0731 R19  |7 0  |9 5470  |a AG  |b HOL  |c QZ  |d 2024-08-09  |l 0  |o SB731.R19  |p 2024-0711  |r 2024-08-09 00:00:00  |t 702992  |w 2024-08-09  |y BK 
952 |0 0  |1 0  |2 lcc  |4 0  |6 SB0731 R19  |7 0  |9 5471  |a HOL  |b HOL  |c QZ  |d 2024-08-09  |l 0  |o SB731.R19  |p 2024-0712  |r 2024-08-09 00:00:00  |t 702993  |w 2024-08-09  |y BK 
999 |c 2707  |d 2707